A GUIDE TO PROGRAMMING IN JAVA (Record no. 216462)

MARC details
000 -LEADER
fixed length control field 00458nam a22001697a 4500
008 - FIXED-LENGTH DATA ELEMENTS--GENERAL INFORMATION
fixed length control field 260116b |||||||| |||| 00| 0 eng d
020 ## - INTERNATIONAL STANDARD BOOK NUMBER
International Standard Book Number 978-81-203-5155-4
100 ## - MAIN ENTRY--PERSONAL NAME
Personal name MARRELLI, JAN
245 ## - TITLE STATEMENT
Title A GUIDE TO PROGRAMMING IN JAVA
250 ## - EDITION STATEMENT
Edition statement 3RD ED
260 ## - PUBLICATION, DISTRIBUTION, ETC.
Place of publication, distribution, etc. DELHI
Name of publisher, distributor, etc. PHI LEARNING PRIVATE
Date of publication, distribution, etc. 2012
300 ## - PHYSICAL DESCRIPTION
Extent XII, 372P.
500 ## - GENERAL NOTE
General note INCLUDES INDEX
650 ## - SUBJECT ADDED ENTRY
Topical term or geographic name entry element JAVA (COMPUTER PROGRAMMING LANGUAGE)
942 ## - ADDED ENTRY ELEMENTS (KOHA)
Source of classification or shelving scheme Library of Congress Classification
Koha item type Long Loan Book
Holdings
Withdrawn status Lost status Source of classification or shelving scheme Damaged status Not for loan Collection Home library Current library Shelving location Date acquired Inventory number Total checkouts Full call number Barcode Date last seen Copy number Price effective from Koha item type
    Library of Congress Classification     Science & Technology Kisii University Library Kisii University Library On Display 01/16/2026 110741   QA 76.73 .J38M37 2012 000000023261 01/16/2026 C.1 01/16/2026 Long Loan Book
    Library of Congress Classification     Science & Technology Kisii University Library Kisii University Library On Display 01/16/2026 110742   QA 76.73 .J38M37 2012 000000023260 01/16/2026 C.2 01/16/2026 Long Loan Book
    Library of Congress Classification     Science & Technology Kisii University Library Kisii University Library On Display 01/16/2026 110743   QA 76.73 .J38M37 2012 000000023259 01/16/2026 C.3 01/16/2026 Long Loan Book
    Library of Congress Classification     Science & Technology Kisii University Library Kisii University Library On Display 01/16/2026 110744   QA 76.73 .J38M37 2012 000000023258 01/16/2026 C.4 01/16/2026 Long Loan Book